Postacie Fikcyjne Według Obrazków - B - Statystyki

Ogólne statystyki
  • Ten quiz został rozwiązany 63 razy
  • Średni wynik to 9 z 20
Statystyki odpowiedzi
Obrazkowy Odpowiedź % Poprawnych
Bolek
96%
Batman
95%
Bob Budowniczy
91%
Barbie
89%
Bambi
78%
Buzz Astral
75%
Bilbo Baggins
69%
Bart Simpson
60%
Bumblebee
51%
Bella Swan
44%
Boba Fett
35%
Bowser
31%
Baloo
25%
Betty Boop
22%
Brian Griffin
20%
Bridget Jones
16%
Bender Rodriguez
7%
Bashful
2%
Biff Tannen
0%
Buttercup
0%
Nie znaleziono quizów pasujących do podanych kryteriów
Rozkład punktacji
Procent ludzi z każdym wynikiem
Percentyl według liczby udzielonych odpowiedzi
Twoja historia wyników
Nie rozwiązałeś tego quizu